| 000 | 01218nam a2200373 a 4500 | ||
|---|---|---|---|
| 001 | vtls000322614 | ||
| 003 | NLI | ||
| 005 | 20210602144840.0 | ||
| 008 | 101228sn.d. ii g 000 0bben d | ||
| 039 | 9 |
_a201012282108 _bbengal1 _y201012282106 _zbengal1 |
|
| 040 |
_aNLI _bben _cBengali Division |
||
| 041 | 0 | _aben | |
| 044 | _aii | ||
| 082 | 0 | 4 |
_a922.945 _222 |
| 100 | 1 |
_6880-01 _aমজুমদার, প্রতিমা _9739 |
|
| 245 | 1 | 0 |
_6880-02 _aসোনার মেয়ে _cপ্রতিমা মজুমদার |
| 260 |
_a[s.n.] _b[s.n.] _c[n.d.] |
||
| 300 |
_a38p. _c22cm. |
||
| 600 | 1 |
_aBhagini Nibedita _vBiography _9495207 |
|
| 700 | 1 | _6880-03 | |
| 700 | 1 | _6880-04 | |
| 710 | 1 | _6880-05 | |
| 880 | 1 |
_6100-01/(B _aMajumdar, Pratima |
|
| 880 | 1 | 0 |
_6245-02/(B _aSonar meye _cPratima Majumdar |
| 880 | 1 | _6700-03/(B | |
| 880 | 1 | _6700-04/(B | |
| 887 | _atithi | ||
| 901 |
_a74013 _b21.7.09 |
||
| 902 | _aB922.945 M5821 | ||
| 904 | _atithi | ||
| 949 |
_AVIRTUAITEM _D10008 _X100 _6DBA000074013BEN _aB922.945 M5821 _e74013 |
||
| 942 |
_2ddc _cBKS |
||
| 999 |
_aVIRTUA _c282908 _d282908 |
||
| 999 | _aVTLSSORT0080*0400*0410*0440*0820*1000*2450*2600*3000*6000*7000*7001*7100*8800*8801*8802*8803*9010*9020*9040*9992 | ||